Define The -ER Words Quiz Stats

 Plays Quiz Updated Aug 26, 2014

Support Sporcle.
Go Orange.
Score 0/28 Timer 06:00
1 Play Today
% Correct
usher
94.2%
poker
93.3%
teller
92.2%
geezer
91.2%
kisser
91.2%
beeper
89.6%
cover
88.6%
ticker
87.1%
gusher
86.3%
toner
85.9%
washer
85.6%
flyer
85.2%
banger
84.9%
ether
83.9%
% Correct
ringer
82.7%
gofer
82.3%
jumper
81.5%
adder
79.9%
caper
79.2%
jigger
76%
oner
71.8%
busker
68.8%
quaver
68%
binder
67.8%
ewer
67.2%
comer
67.1%
rotter
61.9%
poser
58.3%

You're not logged in!

Compare scores with friends on all Sporcle quizzes.
OR
Log In

From the Vault

High-Flying Sports and Activities

by Bratista

Hopefully you're not scared of heights!
Remove Ads.
Support Sporcle.
Get the best of Sporcle when you Go Orange. This ad-free experience offers more features, more stats, and more fun while also helping to support Sporcle. Thank you for becoming a member.

Show Comments

Extras

Top Quizzes Today


Score Distribution

Your Account Isn't Verified!

In order to create a playlist on Sporcle, you need to verify the email address you used during registration. Go to your Sporcle Settings to finish the process.

Report this User

Report this user for behavior that violates our Community Guidelines.

Details: